• 首页
  • 本馆介绍
  • 公告通知
  • 最新文献
  • 馆藏检索
  • 电子资源
  • 读者导购
  • 参考咨询
  • 我的图书馆
  • 登录
  • 期刊详细显示
  • 现刊情况显示
  • 合订本情况显示
  • 篇目信息显示

期刊信息

  • 表格格式
  • 工作单格式
  • 卡片格式
索取号 
/RCKF
题名 
人才开发
作者 
人才开发编辑部
分册号 
分册名 
出版地 
上海
出版者 
人才开发杂志社
标准刊号 
1000-7628
出版频率 
月刊
中图法分类 
C96
主题词 
电子资源 
000 00976nas0 2200313 45
001 1196020615
005 20210917082752.75
011    @a1000-7628@d¥3.50(1996)
021    @a上海392
091    @aCN@b31-1165
092    @aCN@b4-453
100    @a19900830a1986 k y0chiy0110 eb
101 0  @achi
102    @aCN@b310000
110    @aafaz 0yy0
200 1  @a人才开发@ARen Cai Kai Fa@dTalent Exploitation@f人才开发编辑部@FRen Cai Kai Fa Bian Ji Bu@zeng@ARencai kaifa
207  0 @a1986,no.1(1986,10)~=总1~
210    @a上海@b上海市淮海中路622弄7号(邮码200020)@c人才开发杂志社@d1986~
215    @c插图@d26cm
300    @a2012(10)未装订存于密集书库1
326    @a月刊
530 0  @a人才开发@ARen Cai Kai Fa
540 1  @a人才 开发@ARen Cai Kai Fa
676    @a650.1@v19
690    @aC96@v3
711 02 @a上海人才研究会@AShang Hai Ren Cai Yan Jiu Hui@4主办
711  0 @a人才开发编辑部@ARen Cai Kai Fa Bian Ji Bu
801  0 @bPFT@c20070612
905    @eRCKF
    
    人才开发=Talent Exploitation/人才开发编辑部.-1986,no.1(1986,10)~=总1~.-上海(上海市淮海中路622弄7号(邮码200020)):人才开发杂志社,1986~
    插图;26cm
    2012(10)未装订存于密集书库1.-←识别题名:人才开发
    
    ISSN 1000-7628:¥3.50(1996)
    
●
相关链接: 在易读查询期刊 在中国知网中查询期刊 在万方数据查询期刊 在维普查询期刊
唐山师范学院图书馆 欢迎您!
大连网信软件有限公司© 版权所有